000 00948cam a22002773a 4500
001 19213
003 PGUSA
005 20140828083416.0
008 060908s2006||||xxu|||||s|||||000 | eng d
040 _aPGUSA
_beng
042 _adc
050 4 _aDA
100 1 _aHume, David,
_d1711-1776
245 1 4 _aThe History of England in Three Volumes, Vol.I., Part C. :
_bFrom Henry VII. to Mary
_h[electronic resource] /
_cDavid Hume
260 _bProject Gutenberg,
_c2006
506 _aPublic domain in the USA.
516 _aElectronic text
653 _aGreat Britain -- History -- Henry VIII, 1509-1547
653 _aGreat Britain -- History -- Henry VII, 1485-1509
653 _aGreat Britain -- History -- Mary I, 1553-1558
653 _aGrey, Jane, Lady, 1537-1554
653 _aGreat Britain -- History -- Edward VI, 1547-1553
830 0 _aProject Gutenberg
_v19213
856 4 0 _uhttp://www.gutenberg.org/ebooks/19213
942 _cEB
999 _c248468
_d248468